Principles and applications of elctromagnetic fields / (Record no. 180551)
[ view plain ]
| 000 -LEADER | |
|---|---|
| fixed length control field | 00976 a2200181 4500 |
| 003 - CONTROL NUMBER IDENTIFIER | |
| control field | Nust |
| 005 - DATE AND TIME OF LATEST TRANSACTION | |
| control field | 20250912154119.0 |
| 040 ## - CATALOGING SOURCE | |
| Transcribing agency | Nust |
| 082 ## - DEWEY DECIMAL CLASSIFICATION NUMBER | |
| Classification number | 530.141,PLO |
| 100 ## - MAIN ENTRY--PERSONAL NAME | |
| Personal name | Plonsey, Robert |
| 9 (RLIN) | 130464 |
| 245 ## - TITLE STATEMENT | |
| Title | Principles and applications of elctromagnetic fields / |
| Statement of responsibility, etc. | Robert Plonsey and Robert E. Collin |
| 260 ## - PUBLICATION, DISTRIBUTION, ETC. | |
| Place of publication, distribution, etc. | New York |
| Name of publisher, distributor, etc. | McGraw-Hill |
| Date of publication, distribution, etc. | 1961 |
| 300 ## - PHYSICAL DESCRIPTION | |
| Extent | 554 p. |
| Other physical details | illus. |
| Dimensions | 24 cm. |
| 505 ## - FORMATTED CONTENTS NOTE | |
| Formatted contents note | Vector Analysis (Page-1), Electrostatics (Page-39), Electrostatic Field In Material Bodies , Energy And Forces (Page-79), Solution Of Boundary Value Problems (Page-119), Stationary Currents (Page-164), Static Magnetic Field In Vacuum (Page-198), Magnetic Field In Material Bodies (Page-226), Time Dependant Fields (Page-299), Plane Waves, Waveguide And Resonators (Page-342), Radiation And Antennas (Page-393), Interaction Of Charge Particles With Fields (Page-425). |
| 650 ## - SUBJECT ADDED ENTRY--TOPICAL TERM | |
| Topical term or geographic name entry element | Electromagnetic fields. |
| 9 (RLIN) | 10532 |
| 700 ## - ADDED ENTRY--PERSONAL NAME | |
| Personal name | Collin, Robert E. |
| 9 (RLIN) | 616 |
| 942 ## - ADDED ENTRY ELEMENTS (KOHA) | |
| Source of classification or shelving scheme | |
| Koha item type | Book |
| Withdrawn status | Lost status | Source of classification or shelving scheme | Damaged status | Not for loan | Permanent Location | Current Location | Shelving location | Date acquired | Full call number | Barcode | Date last seen | Price effective from | Koha item type | Public note |
|---|---|---|---|---|---|---|---|---|---|---|---|---|---|---|
| Military College of Signals (MCS) | Military College of Signals (MCS) | General Stacks | 12/12/2016 | 530.141,PLO | MCS21306 | 12/08/2016 | 12/12/2016 | Book | Almirah No.77, Shelf No.3 |
